A qualitative account of the impact of disaster: The case of flooding in Bahraich, Uttar Pradesh (Record no. 91395)

000 -LEADER
fixed length control field 00596pab a2200205 454500
008 - FIXED-LENGTH DATA ELEMENTS--GENERAL INFORMATION
fixed length control field 180718b2010 xxu||||| |||| 00| 0 eng d
100 ## - MAIN ENTRY--PERSONAL NAME
Personal name Joshi, P.C.
245 ## - TITLE STATEMENT
Title A qualitative account of the impact of disaster: The case of flooding in Bahraich, Uttar Pradesh
260 ## - PUBLICATION, DISTRIBUTION, ETC.
Date of publication, distribution, etc. 2010
300 ## - PHYSICAL DESCRIPTION
Extent p.479-492.
362 ## - DATES OF PUBLICATION AND/OR SEQUENTIAL DESIGNATION
Dates of publication and/or sequential designation Jul-Dec
650 ## - SUBJECT ADDED ENTRY--TOPICAL TERM
Topical term or geographic name entry element Disasters - India - Uttar Pradesh
650 ## - SUBJECT ADDED ENTRY--TOPICAL TERM
Topical term or geographic name entry element Floods - India - Uttar Pradesh
650 ## - SUBJECT ADDED ENTRY--TOPICAL TERM
Topical term or geographic name entry element Floods
700 ## - ADDED ENTRY--PERSONAL NAME
Personal name Srivastava, Vinay Kumar
700 ## - ADDED ENTRY--PERSONAL NAME
Personal name Guha-Sapir, Debarati
773 ## - HOST ITEM ENTRY
Main entry heading Eastern Anthropologist
908 ## - PUT COMMAND PARAMETER (RLIN)
Put command parameter N
909 ## -
-- 91395
Holdings
Withdrawn status Lost status Damaged status Not for loan Permanent Location Current Location Date acquired Serial Enumeration / chronology Barcode Date last seen Price effective from Koha item type
        Indian Institute of Public Administration Indian Institute of Public Administration 2018-07-19 Volume no: 63, Issue no: 3-4 AR91855 2018-07-19 2018-07-19 Articles

Powered by Koha